Sistema de adquisición de datos de un proceso usando una interfaz de lazo de corriente a formato RS-232c
Sparad:
| Huvudupphovsman: | |
|---|---|
| Materialtyp: | Bok |
| Publicerad: |
[San José , Costa Rica]
1993
|
| Ämnen: | |
| Taggar: |
Lägg till en tagg
Inga taggar, Lägg till första taggen!
|
MARC
| LEADER | 00000nam a2200000Ia 4500 | ||
|---|---|---|---|
| 003 | 006076 | ||
| 005 | 20221231144316.0 | ||
| 008 | 140114s1993 cr a m 000 ||s d | ||
| 040 | |c cru CEDI | ||
| 090 | |a TFG 2753 | ||
| 100 | |a Núñez Mata, Oscar |9 12103 | ||
| 245 | |a Sistema de adquisición de datos de un proceso usando una interfaz de lazo de corriente a formato RS-232c | ||
| 260 | |c 1993 |a [San José , Costa Rica] | ||
| 300 | |a x, 87 hojas : ilustraciones | ||
| 500 | |a Proyecto de graduación (bachillerato en ingeniería eléctrica) -- Universidad de Costa Rica. Facultad de Ingeniería. Escuela de Ingeniería Eléctrica | ||
| 650 | |x SISTEMAS DE TRANSMISION DE DATOS |x TEORIA DEL CONTROL |9 12104 | ||
| 942 | |c TFG | ||
| 999 | |c 19944 |d 19944 | ||
